[Event "IECG WC.2002.F.00006 email"]
[Site "IECG email"]
[Date "2002.12.15"]
[Round "?"]
[White "Corradini, Carlo"]
[Black "Borst, John C"]
[Result "1/2-1/2"]
[WhiteElo "2103"]
[BlackElo "2072"]
[PlyCount "60"]
[EventDate "2002.12.15"]
[EventType "tourn (corr)"]
[EventRounds "10"]
[SourceTitle "Corr 2008"]
[Source "ChessBase"]
[SourceDate "2008.06.24"]
[SourceVersion "1"]
[SourceVersionDate "2008.06.24"]
[SourceQuality "1"]

1. d4 d5 2. c4 c6 3. Nf3 Nf6 4. Nc3 e6 5. e3 Nbd7 6. Qc2 Bd6 7. g4 Bb4 8. Bd2 Qe7 9. g5 Bxc3 10. Bxc3 Ne4 11. Bd3 Nxc3 12. Qxc3 dxc4 13. Bxc4 b6 14. 0-0-0 Bb7 15. e4 0-0 16. Rhe1 b5 17. Bf1 Rfd8 18. Kb1 a6 19. Qe3 c5 20. Rd2 cxd4 21. Nxd4 Nc5 22. f3 g6 23. Rc1 e5 24. Nc6 Bxc6 25. Qxc5 Qxc5 26. Rxd8+ Rxd8 27. Rxc5 Rd1+ 28. Rc1 Rxc1+ 29. Kxc1 h6 30. h4 f6 1/2-1/2

[Event "IECG WC.2002.F.00006 email"]
[Site "IECG email"]
[Date "2002.12.15"]
[Round "?"]
[White "Loeschnauer, Ruediger"]
[Black "Corradini, Carlo"]
[Result "1/2-1/2"]
[WhiteElo "2108"]
[BlackElo "2103"]
[PlyCount "51"]
[EventDate "2002.12.15"]
[EventType "tourn (corr)"]
[EventRounds "10"]
[SourceTitle "Corr 2008"]
[Source "ChessBase"]
[SourceDate "2008.06.24"]
[SourceVersion "1"]
[SourceVersionDate "2008.06.24"]
[SourceQuality "1"]

1. c4 Nf6 2. Nc3 g6 3. g3 Bg7 4. Bg2 0-0 5. e4 d6 6. Nge2 c5 7. 0-0 Nc6 8. d3 Rb8 9. h3 a6 10. a4 Bd7 11. Be3 Ne8 12. Rb1 Nc7 13. d4 cxd4 14. Nxd4 Rc8 15. b3 Ne6 16. Nxe6 fxe6 17. Rc1 Qa5 18. Ne2 Qb4 19. c5 Qa3 20. f4 Na5 21. cxd6 exd6 22. e5 Nxb3 23. Rxc8 Rxc8 24. Qxd6 Qxd6 25. exd6 Rc2 26. Kf2 1/2-1/2

[Event "IECG WC.2003.S.00004 email"]
[Site "IECG email"]
[Date "2001.04.01"]
[Round "?"]
[White "Bokar, Jason"]
[Black "Corradini, Carlo"]
[Result "1-0"]
[WhiteElo "2423"]
[BlackElo "1999"]
[PlyCount "69"]
[EventDate "2001.04.01"]
[EventType "tourn (corr)"]
[EventRounds "8"]
[SourceTitle "Corr 2008"]
[Source "ChessBase"]
[SourceDate "2008.06.24"]
[SourceVersion "1"]
[SourceVersionDate "2008.06.24"]
[SourceQuality "1"]

1. e4 e6 2. d4 d5 3. Nc3 Bb4 4. e5 c5 5. a3 Bxc3+ 6. bxc3 Ne7 7. Qg4 Qc7 8. Qxg7 Rg8 9. Qxh7 cxd4 10. Ne2 Nbc6 11. f4 Bd7 12. Qd3 dxc3 13. Rb1 0-0-0 14. h4 Nf5 15. h5 Na5 16. Rg1 Nc4 17. g4 Qc5 18. Qxc3 b5 19. Bh3 Bc6 20. g5 d4 21. Qb4 Qb6 22. Bxf5 exf5 23. Rg3 Rge8 24. a4 Rd5 25. axb5 Rxb5 26. Qxc4 Rxb1 27. Qxf7 Bb5 28. Rb3 Rxb3 29. Qxb3 Rd8 30. c4 Qa5+ 31. Bd2 Qa1+ 32. Qd1 Qxd1+ 33. Kxd1 Bxc4 34. Ba5 Rh8 35. h6 1-0

[Event "IECG WC.2003.S.00004 email"]
[Site "IECG email"]
[Date "2001.04.01"]
[Round "?"]
[White "Corradini, Carlo"]
[Black "Siefring, Carl L"]
[Result "1/2-1/2"]
[WhiteElo "1999"]
[BlackElo "2243"]
[PlyCount "80"]
[EventDate "2001.04.01"]
[EventType "tourn (corr)"]
[EventRounds "8"]
[SourceTitle "Corr 2008"]
[Source "ChessBase"]
[SourceDate "2008.06.24"]
[SourceVersion "1"]
[SourceVersionDate "2008.06.24"]
[SourceQuality "1"]

1. d4 Nf6 2. c4 e6 3. Nc3 Bb4 4. Qc2 c5 5. dxc5 Qc7 6. a3 Bxc5 7. b4 Be7 8. Nb5 Qc6 9. Nf3 d6 10. Nfd4 Qb6 11. e3 a6 12. Nc3 Qc7 13. Be2 Nbd7 14. 0-0 0-0 15. Bb2 Ne5 16. Rac1 Bd7 17. Ne4 Nxe4 18. Qxe4 f5 19. Qc2 Rac8 20. Qb3 Bf6 21. Rfd1 Kh8 22. Rd2 Qd8 23. f4 Nf7 24. Bf3 Rc7 25. c5 d5 26. Be2 Qe8 27. Nf3 Ba4 28. Qa2 Qd8 29. Qa1 Bxb2 30. Qxb2 Kg8 31. Nd4 Qe7 32. Qb1 Ra8 33. Bd3 Nh6 34. Be2 Bd7 35. Qd3 Nf7 36. Rb1 a5 37. Rdd1 axb4 38. axb4 Nd8 39. Ra1 Rcc8 40. Rdc1 Be8 1/2-1/2

[Event "IECG WC.2003.S.00004 email"]
[Site "IECG email"]
[Date "2001.04.01"]
[Round "?"]
[White "Kordts, Wolfgang"]
[Black "Corradini, Carlo"]
[Result "1-0"]
[WhiteElo "2284"]
[BlackElo "1999"]
[PlyCount "55"]
[EventDate "2001.04.01"]
[EventType "tourn (corr)"]
[EventRounds "8"]
[SourceTitle "Corr 2008"]
[Source "ChessBase"]
[SourceDate "2008.06.24"]
[SourceVersion "1"]
[SourceVersionDate "2008.06.24"]
[SourceQuality "1"]

1. d4 Nf6 2. c4 g6 3. Nc3 d5 4. cxd5 Nxd5 5. e4 Nxc3 6. bxc3 Bg7 7. Nf3 c5 8. Rb1 0-0 9. Be2 cxd4 10. cxd4 Qa5+ 11. Bd2 Qxa2 12. 0-0 b6 13. Qc1 Bb7 14. Bc4 Qa4 15. Bb5 Qa2 16. Re1 Rc8 17. Qd1 Qc2 18. Qe2 Qc7 19. Rbc1 Qd8 20. Rxc8 Qxc8 21. Rc1 Qd8 22. Bf4 a6 23. Ba4 b5 24. Bb3 e6 25. d5 exd5 26. Rc7 Bc6 27. Ng5 a5 28. Nxf7 1-0

[Event "IECG WC.2004.P.00015 email"]
[Site "IECG email"]
[Date "2001.01.22"]
[Round "?"]
[White "Corradini, Carlo"]
[Black "Delavekouras, Sotiris"]
[Result "0-1"]
[WhiteElo "1999"]
[BlackElo "2161"]
[PlyCount "142"]
[EventDate "2001.01.22"]
[EventType "tourn (corr)"]
[EventRounds "8"]
[SourceTitle "Corr 2008"]
[Source "ChessBase"]
[SourceDate "2008.06.24"]
[SourceVersion "1"]
[SourceVersionDate "2008.06.24"]
[SourceQuality "1"]

1. d4 Nf6 2. c4 e6 3. Nc3 d5 4. cxd5 exd5 5. Bg5 Nbd7 6. e3 Be7 7. Bd3 0-0 8. Qc2 c6 9. Nge2 Re8 10. 0-0-0 Qa5 11. Kb1 b5 12. Ng3 h6 13. Bxf6 Nxf6 14. Nce2 Qb6 15. Rc1 Bd7 16. Bf5 Rec8 17. Nf4 b4 18. Bxd7 Nxd7 19. Nf5 Bf8 20. h4 Rab8 21. g4 b3 22. axb3 Qxb3 23. Qxb3 Rxb3 24. Nxd5 Rcb8 25. Nde7+ Bxe7 26. Nxe7+ Kf8 27. Nxc6 Rxb2+ 28. Ka1 R8b6 29. f4 R2b3 30. Rh2 Rxe3 31. Ra2 a6 32. Rb2 Re4 33. Rxb6 Nxb6 34. Rb1 Nd5 35. f5 Ne3 36. Rb8+ Re8 37. Rb6 Nxg4 38. Rxa6 Ne3 39. f6 gxf6 40. h5 Re4 41. Kb2 Rh4 42. Kc3 Rxh5 43. Kd3 Nd5 44. Ra8+ Kg7 45. Ke4 Rg5 46. Rd8 Nc3+ 47. Kf4 h5 48. Ne7 h4 49. d5 Ne2+ 50. Kf3 Nd4+ 51. Kf4 h3 52. Rg8+ Kh7 53. Rxg5 fxg5+ 54. Kg3 Kg7 55. d6 h2 56. Kxh2 Nf3+ 57. Kg3 Ne5 58. Nf5+ Kg6 59. Nd4 f6 60. Ne6 Kf7 61. Nc7 f5 62. Kh2 f4 63. Kh3 Kf6 64. Nd5+ Kf5 65. Nc7 Ke4 66. Ne6 g4+ 67. Kg2 Nd7 68. Ng7 Ke5 69. Nh5 Nf6 70. Kf2 Ne4+ 71. Kg2 Nxd6 0-1

[Event "IECG WC.2003.P.00010 email"]
[Site "IECG email"]
[Date "2000.??.??"]
[Round "?"]
[White "Chuprys, Viktar"]
[Black "Corradini, Carlo"]
[Result "0-1"]
[WhiteElo "1053"]
[BlackElo "1960"]
[PlyCount "38"]
[EventDate "2000.01.26"]
[EventType "tourn (corr)"]
[EventRounds "10"]
[SourceTitle "Corr 2008"]
[Source "ChessBase"]
[SourceDate "2008.06.24"]
[SourceVersion "1"]
[SourceVersionDate "2008.06.24"]
[SourceQuality "1"]

1. e4 e6 2. d4 d5 3. exd5 exd5 4. Nf3 Bd6 5. Bd3 Nc6 6. c3 Bg4 7. 0-0 Nge7 8. Re1 Qd7 9. Nbd2 0-0-0 10. b4 Ng6 11. Qa4 Kb8 12. Bb5 Rhe8 13. Bxc6 bxc6 14. Rb1 Bxf3 15. Nxf3 Nh4 16. Be3 Nxf3+ 17. gxf3 Qh3 18. f4 Re6 19. Kh1 Rh6 0-1

[Event "IECG WC.2003.P.00010 email"]
[Site "IECG email"]
[Date "2000.??.??"]
[Round "?"]
[White "MacNair, Adrian"]
[Black "Corradini, Carlo"]
[Result "0-1"]
[WhiteElo "1168"]
[BlackElo "1960"]
[PlyCount "22"]
[EventDate "2000.01.26"]
[EventType "tourn (corr)"]
[EventRounds "10"]
[SourceTitle "Corr 2008"]
[Source "ChessBase"]
[SourceDate "2008.06.24"]
[SourceVersion "1"]
[SourceVersionDate "2008.06.24"]
[SourceQuality "1"]

1. e4 e6 2. c4 d5 3. exd5 exd5 4. cxd5 Nf6 5. Bb5+ Nbd7 6. Nc3 Be7 7. Nf3 0-0 8. 0-0 Nb6 9. d4 Nbxd5 10. Re1 c6 11. Nxd5 Nxd5 0-1

[Event "IECG WC.2003.P.00010 email"]
[Site "IECG email"]
[Date "2000.??.??"]
[Round "?"]
[White "Shim Ng Min, Francis"]
[Black "Corradini, Carlo"]
[Result "0-1"]
[WhiteElo "1560"]
[BlackElo "1960"]
[PlyCount "30"]
[EventDate "2000.01.26"]
[EventType "tourn (corr)"]
[EventRounds "10"]
[SourceTitle "Corr 2008"]
[Source "ChessBase"]
[SourceDate "2008.06.24"]
[SourceVersion "1"]
[SourceVersionDate "2008.06.24"]
[SourceQuality "1"]

1. e4 e6 2. d4 d5 3. Nc3 Bb4 4. Nge2 Nc6 5. e5 f6 6. exf6 Nxf6 7. Qd3 0-0 8. Bg5 e5 9. 0-0-0 Nxd4 10. Bxf6 Rxf6 11. Nxd4 exd4 12. Qxd4 Bxc3 13. Qxc3 Rxf2 14. Rxd5 Rxf1+ 15. Rxf1 Qxd5 0-1